Detalles MARC
| 000 -LEADER |
| fixed length control field |
02492nam a2200277 a 4500 |
| 001 - CONTROL NUMBER |
| control field |
000035030 |
| 003 - CONTROL NUMBER IDENTIFIER |
| control field |
DO-SdBNP |
| 005 - DATE AND TIME OF LATEST TRANSACTION |
| control field |
20230717120802.0 |
| 008 - FIXED-LENGTH DATA ELEMENTS--GENERAL INFORMATION |
| fixed length control field |
111024s2003 dr 000 0 spa d |
| 020 ## - INTERNATIONAL STANDARD BOOK NUMBER |
| International Standard Book Number |
9993486795 |
| 040 ## - CATALOGING SOURCE |
| Original cataloging agency |
DO-SdBNP |
| Language of cataloging |
spa |
| Transcribing agency |
BPMSU |
| 082 #4 - DEWEY DECIMAL CLASSIFICATION NUMBER |
| Classification number |
177 |
| Item number |
H831m, 2003 |
| Edition number |
22 |
| 100 1# - MAIN ENTRY--PERSONAL NAME |
| Personal name |
Hostos, Eugenio María de |
| Dates associated with a name |
1839-1903 |
| 9 (RLIN) |
5 |
| 245 10 - TITLE STATEMENT |
| Title |
Moral social / |
| Statement of responsibility, etc. |
Eugenio María de Hostos. |
| 260 ## - PUBLICATION, DISTRIBUTION, ETC. (IMPRINT) |
| Place of publication, distribution, etc. |
Santo Domingo : |
| Name of publisher, distributor, etc. |
Nacional, |
| Date of publication, distribution, etc. |
2003. |
| 300 ## - PHYSICAL DESCRIPTION |
| Extent |
264 p. ; |
| Dimensions |
22 cm. |
| 490 0# - SERIES STATEMENT |
| Series statement |
Biblioteca esencial, |
| -- |
Homenaje, |
| Volume/sequential designation |
4 |
| 500 ## - GENERAL NOTE |
| General note |
Incluye referencias bibliográficas y notas al pie de las páginas |
| 500 ## - GENERAL NOTE |
| General note |
Incluye datos biográficos del autor en la solapa de la cubierta. |
| 505 0# - FORMATTED CONTENTS NOTE |
| Title |
Presentación -- |
| -- |
Introducción -- |
| -- |
Relaciones y deberes -- |
| -- |
La sociedad y sus órganos -- |
| -- |
Objetivo de la moral social. ¿En qué se funda? -- |
| -- |
Exposición de las relaciones -- |
| -- |
Clasificación de relaciones -- |
| -- |
Análisis de las relaciones del hombre con la sociedad; relación de necesidad -- |
| -- |
Segunda relación -- |
| -- |
Relación de gratitud -- |
| -- |
Tercera relación -- |
| -- |
Relación de utilidad -- |
| -- |
Cuarta relación -- |
| -- |
Relación de derecho -- |
| -- |
Quinta relación -- |
| -- |
Relación del deber -- |
| -- |
Del deber y su función en la economía moral del mundo -- |
| -- |
En qué se fundan los deberes sociales -- |
| -- |
Deberes derivados de nuestras relaciones con la sociedad -- |
| -- |
El deber del trabajo -- |
| -- |
Sus modificaciones en los diversos grupos sociales -- |
| -- |
Deber de obediencia y sus modificaciones -- |
| -- |
Por qué no se dá su nombre a los deberes derivados de la relación de utilidad -- |
| -- |
Cooperación -- |
| -- |
Unión -- |
| -- |
Abnegación -- |
| -- |
Conciliación -- |
| -- |
Deberes deducidos de la relación de derecho -- |
| -- |
El derecho armado -- |
| -- |
Deberes que imponen -- |
| -- |
El deber de los deberes -- |
| -- |
Los conflictos del deber -- |
| -- |
La regla de los conflictos -- |
| -- |
Deberes complementarios -- |
| -- |
Deberes complemetarios -- |
| -- |
La moral y las actividades de la vida -- |
| -- |
Enlace de la moral con la política -- |
| -- |
La moral social y los profesionales -- |
| -- |
La moral y la escuela -- |
| -- |
La moral y la iglesia católica -- |
| -- |
La moral y el protestantismo -- |
| -- |
La moral y las religiones filosóficas -- |
| -- |
La moral y la ciencia -- |
| -- |
La moral y el arte -- |
| -- |
La moral y la literatura -- |
| -- |
La dramática -- |
| -- |
La moral y la historia -- |
| -- |
La moral y el periodismo -- |
| -- |
La moral y la industria -- |
| -- |
La moral y el tiempo. |
| 590 ## - LOCAL NOTE (RLIN) |
| Local note |
Inventariado, 2023/VM |
| 650 #4 - SUBJECT ADDED ENTRY--TOPICAL TERM |
| Topical term or geographic name as entry element |
Ética social |
| 650 #4 - SUBJECT ADDED ENTRY--TOPICAL TERM |
| Topical term or geographic name as entry element |
Sociología |
| 910 ## - USER-OPTION DATA (OCLC) |
| User-option data |
VMateo V. Control de calidad BPMSU |
| 942 ## - ADDED ENTRY ELEMENTS (KOHA) |
| Source of classification or shelving scheme |
Dewey Decimal Classification |
| Koha item type |
Libros |